Tiere mit "A" aufzählen - Statistiken

Allgemein
  • Dieses Quiz wurde 759 mal gespielt
    458 seit der letzten Aktualisierung
  • Das Durchschnittsergebnis liegt bei 13 aus 43
Antwortstatistiken
Tier mit A % Korrekt
Aal
91%
Affe
91%
Ameise
90%
Ameisenbär
72%
Amsel
72%
Adler
67%
Alligator
56%
Anakonda
55%
Antilope
54%
Auster
51%
Ara
47%
Aasgeier
45%
Assel
42%
Auerhahn
36%
Axolotl
36%
Albatros
30%
Alpaka
30%
Admiral
27%
Achatschnecke
25%
Auerochse
25%
Aguti
24%
Amöbe
24%
Ameisenigel
22%
Aberdeenrind
19%
Austernfisch
19%
Aye - Aye
19%
Angorakatze
18%
Affenpinscher
16%
Anemone
15%
Anglerfisch
15%
Araber (Pferd)
15%
Äsche
14%
Ameisenlöwe
13%
Austernfischer
12%
Andalusier (Pferd)
8%
Armadillo
7%
Alpensteinbock
5%
Anemonenfisch
4%
Apollofalter
4%
Alpendohle
2%
Aland
1%
Alaskabär
1%
Archaeopteryx
0%
Keine übereinstimmenden Quizze gefunden
Verteilung der Resultate
Anzahl Personen mit jedem Resultat
Perzentil nach korrekt beantworteten Fragen
Ihre Resultats-Entwicklung
Sie haben dieses Quiz seit der letzten Aktualisierung nicht gespielt